000 01103nam a22001697a 4500
003 SGT
020 _a9780333938560
082 _a519.5, HOO
100 _aHOODA,R.P
245 _aINTRODUCTION TO STATISTICS
250 _a1ST
260 _aNEW DELHI
_bMACMILLAN PUBLISHER
_c2009
300 _a382
650 _aPROBABILITIES & APPLIED MATHEMATICS
653 _aDefining Statistics: Understanding the Scope, Types of Data: Bases of Classification,Data Collection: Issues and Methods,Understanding Data: Rounding, Ratios, and Rates,Presentation of Data: Tabular and Graphic, Frequency Distribution: Construction and Graphic Presentation,Measures of Central Tendency: Mean, Median, and Mode,Dispersion: And its Measures,Skewness and Kurtosis: And Measures,Linear Regression and Correlation: The Two-Variable Case,Index Numbers: For Prices and Quantities,Time Series Analysis: Components and Decomposition,Introducing Probability: Concepts, Definition, and Postulates,Basic Probability Rules: For Different Events,Discrete Probability Distributions: Uniform, Binomial, and Poisson
942 _2ddc
_cFCM
_020
999 _c8842
_d8842